Los Tormentos de la materia: aportes para una ecología política latinoamericana /
Uloženo v:
| Hlavní autor: | |
|---|---|
| Další autoři: | |
| Médium: | Text |
| Vydáno: |
Buenos Aires:
CLACSO
|
| Témata: | |
| Tagy: |
Přidat tag
Žádné tagy, Buďte první, kdo vytvoří štítek k tomuto záznamu!
|
MARC
| LEADER | 00000 a a2200000 04500 | ||
|---|---|---|---|
| 001 | 33482 | ||
| 003 | |||
| 040 | |||
| 020 | |a 987-1183-37-2 | ||
| 090 | |a 1001 A411t | ||
| 100 | |a Alimonda, Héctor | ||
| 245 | |a Los Tormentos de la materia: aportes para una ecología política latinoamericana / |c Héctor Alimonda | ||
| 260 | |a Buenos Aires: |b CLACSO | ||
| 300 | |a 274 p. |b il. |b map. | ||
| 650 | |a POLITICA AMBIENTAL | ||
| 650 | |a ZONAS PROTEGIDAS | ||
| 650 | |a COMUNIDADES | ||
| 650 | |a GESTION AMBIENTAL | ||
| 650 | |a PROTECCION AMBIENTAL | ||
| 650 | |a GUATEMALA | ||
| 650 | |a AMERICA CENTRAL | ||
| 700 | |a comp. | ||
| 999 | |c 8589 |d 8589 | ||



